| 000 | 00857cam a2200277 a 4500 | ||
|---|---|---|---|
| 008 | |||
| 020 | _a9780323075015 (hbk.) | ||
| 049 | _aMAIN | ||
| 090 |
_aR727.8 _bPRI |
||
| 245 | 0 | 0 |
_aPrimary care : _ba collaborative practice / _cTerry Mahan Buttaro ... [et al.] |
| 250 | _a4th ed. | ||
| 260 |
_aSt. Louis, Mo. : _bElsevier/Mosby, _c2013. |
||
| 300 |
_axxviii, 1396 p. : _bill. (some col.), maps ; _c29 cm. |
||
| 504 | _aIncludes bibliographical references. | ||
| 500 | _aIncludes index. | ||
| 650 | 0 | _aMedical cooperation. | |
| 650 | 0 | _aMedical referral. | |
| 650 | 0 | _aPrimary care (Medicine) | |
| 650 | 1 | 2 | _aPrimary Health Care. |
| 700 | 1 | _aButtaro, Terry Mahan. | |
| 907 |
_a.b10365059 _b26-11-15 _c04-11-15 |
||
| 003 | |||
| 005 | 20230120204208.0 | ||
| 040 | _cNUST | ||
| 942 |
_cBOOKS _kR727.8 _mPRI |
||
| 999 |
_c118853 _d118853 |
||